000 00940nam a22002537a 4500
005 20250707151400.0
008 250219b ||||| |||| 00| 0 eng d
020 _a9788197595189
040 _cAL
041 _aEnglish
082 _223
_a332.6
_bSOAF
100 _aFlorin Shelomith Soans
_9217660
245 _aFinancial education and investment awareness
_b: skill enhancement course
260 _aMangalore
_bSt Aloysius Prakashana
_c2024
300 _a176 p.
_bPB
_c21x13.7 cm.
365 _b₹100.00
_c
_d₹100.00
520 _aDr Florin Shelomith Soans Assistant Professor St Aloysius (Deemed to be University) Dr Zeena Flavia Dsouza Associate Professor St Aloysius (Deemed to be University)
650 _aFoundations of Finance
_9201057
650 _aBanking in India
_9201058
650 _aInvestment Management
_9201059
650 _aMutual Funds
_9201122
700 _aDsouza, Zeena Flavia
_9201123
942 _2ddc
_cDB
999 _c233840
_d233840